| 000 | 00678nam a2200229Ia 4500 | ||
|---|---|---|---|
| 003 | OSt | ||
| 005 | 20230605121455.0 | ||
| 008 | 210423s2013 xx 000 0 und d | ||
| 020 | _a978-81-316-0587-5 | ||
| 040 | _cAL | ||
| 041 | _aeng | ||
| 082 | _a362.4 MEHD | ||
| 100 |
_aMEHROTRA (Nilika) _9119595 |
||
| 245 | _aDisability gender and state policy: exploring margins | ||
| 260 |
_aNew Delhi _bRawat Publications _c2013 |
||
| 300 |
_a304 _bHB |
||
| 365 |
_b895 _cINR |
||
| 650 |
_aSocial Problems & Services _9119596 |
||
| 650 |
_aSocial Welfare Problems & Services _9119597 |
||
| 906 | _aDisability ; exploring ; gender ; margins ; policy: ; state | ||
| 942 |
_2ddc _cBK |
||
| 999 |
_c176629 _d176629 |
||